[Event "POL-UKR U26"]
[Site "Lublin"]
[Date "2012.11.22"]
[Round "2.6"]
[White "Kalinina, Marianna"]
[Black "Pisarek, Magdalena"]
[Result "1-0"]
[WhiteElo "2048"]
[BlackElo "1673"]
[PlyCount "47"]
[EventDate "2012.11.21"]
[EventType "team-tourn"]
[EventRounds "5"]
[EventCountry "POL"]
[SourceTitle "CBM 151 Extra"]
[Source "ChessBase"]
[SourceDate "2012.12.18"]
[SourceVersion "1"]
[SourceVersionDate "2012.12.18"]
[SourceQuality "1"]
[WhiteTeam "Ternopol Economic Univ"]
[BlackTeam "Gliwice Politechnika Slaska"]
[WhiteTeamCountry "UKR"]
[BlackTeamCountry "POL"]

1. e4 c5 2. Nf3 d6 3. d4 cxd4 4. Nxd4 Nc6 5. Nc3 a6 6. Be3 e6 7. a4 Nge7 8. Be2 d5 9. exd5 Nxd5 10. Nxd5 Qxd5 11. 0-0 Qd6 12. c3 Qc7 13. Nxc6 bxc6 14. b4 Rb8 15. f4 Bd6 16. Bc4 0-0 17. Qh5 g6 18. Qh6 e5 19. f5 Bxf5 20. Rxf5 Qc8 21. Raf1 Rb7 22. Bg5 Be7 23. Rxf7 Rxf7 24. Rxf7 1-0

[Event "POL-chT U19 2nd League"]
[Site "Chelm Lubelski"]
[Date "2010.07.13"]
[Round "10"]
[White "Pisarek, Magdalena"]
[Black "Murawa, Monika"]
[Result "1-0"]
[WhiteElo "1628"]
[BlackElo "1545"]
[PlyCount "73"]
[EventDate "2010.07.06"]
[EventType "team-tourn"]
[EventRounds "11"]
[EventCountry "POL"]
[SourceTitle "EXT 2011"]
[Source "ChessBase"]
[SourceDate "2010.11.26"]
[SourceVersion "1"]
[SourceVersionDate "2010.11.26"]
[SourceQuality "1"]
[WhiteTeam "Jastrzebie Zdroj Pionier U19"]
[BlackTeam "Rawicz Korona Rawbud U19"]
[WhiteTeamCountry "POL"]
[BlackTeamCountry "POL"]

1. d4 d5 2. c4 dxc4 3. Nc3 Nf6 4. Nf3 e6 5. e3 c5 6. Bxc4 cxd4 7. Nxd4 Bc5 8. 0-0 0-0 9. Bd3 Nd5 10. Bd2 Nb4 11. Bxh7+ Kxh7 12. Qh5+ Kg8 13. Qxc5 N4c6 14. Nf3 Qf6 15. Ne4 Qg6 16. Ng3 Nd7 17. Qb5 a6 18. Qe2 b5 19. a4 bxa4 20. Rxa4 Qc2 21. Rc4 Qxb2 22. Rxc6 a5 23. Rcc1 a4 24. Ra1 Nc5 25. Rfb1 Qc2 26. Nd4 Qg6 27. Bb4 Ba6 28. Qd1 Rfc8 29. Bxc5 Rxc5 30. Rxa4 e5 31. Nf3 Rac8 32. Raa1 Bb5 33. Rc1 Qd3 34. Rxc5 Qxd1+ 35. Rxd1 Rxc5 36. h3 f6 37. Ne4 1-0

[Event "POL-chT U19 2nd League"]
[Site "Chelm Lubelski"]
[Date "2010.07.06"]
[Round "2"]
[White "Janik, Lidia"]
[Black "Pisarek, Magdalena"]
[Result "0-1"]
[WhiteElo "1608"]
[BlackElo "1628"]
[PlyCount "78"]
[EventDate "2010.07.06"]
[EventType "team-tourn"]
[EventRounds "11"]
[EventCountry "POL"]
[SourceTitle "EXT 2011"]
[Source "ChessBase"]
[SourceDate "2010.11.26"]
[SourceVersion "1"]
[SourceVersionDate "2010.11.26"]
[SourceQuality "1"]
[WhiteTeam "Katowice UKS Palac Mlodziezy U19"]
[BlackTeam "Jastrzebie Zdroj Pionier U19"]
[WhiteTeamCountry "POL"]
[BlackTeamCountry "POL"]

1. e4 c5 2. c3 Nc6 3. d4 cxd4 4. cxd4 d5 5. e5 Qb6 6. Nf3 Bg4 7. Be2 Bxf3 8. Bxf3 Qxd4 9. 0-0 e6 10. Qb3 Rb8 11. Nc3 Qxe5 12. Bd2 Bd6 13. g3 Qf6 14. Bg2 a6 15. Rac1 Nge7 16. Rfd1 0-0 17. Ne2 Be5 18. Rb1 Nd4 19. Qd3 Nxe2+ 20. Qxe2 Nc6 21. Be1 Rfc8 22. h4 Nd4 23. Qd3 Nf5 24. b3 Bc3 25. Rbc1 Bxe1 26. Rxe1 Nd6 27. Qb1 Nb5 28. a4 Nd4 29. Qd3 Rc6 30. Red1 Rbc8 31. Rxc6 Nxc6 32. Rc1 Rd8 33. Qd2 h6 34. b4 Qe7 35. b5 axb5 36. axb5 Ne5 37. Re1 Nc4 38. Qd4 Qb4 39. Rc1 Qxb5 0-1

[Event "Orlova op 7th"]
[Site "Orlova"]
[Date "2010.05.23"]
[Round "2"]
[White "Drastichova, Anezka"]
[Black "Pisarek, Magdalena"]
[Result "0-1"]
[WhiteElo "1100"]
[BlackElo "1589"]
[PlyCount "74"]
[EventDate "2010.05.22"]
[EventType "swiss"]
[EventRounds "7"]
[EventCountry "CZE"]
[SourceTitle "EXT 2012"]
[Source "ChessBase"]
[SourceDate "2011.11.24"]
[SourceVersion "1"]
[SourceVersionDate "2011.11.24"]
[SourceQuality "1"]

1. e4 c5 2. Nf3 d6 3. Bb5+ Nd7 4. Nc3 a6 5. Be2 b5 6. a3 Bb7 7. d3 Nb6 8. Bd2 d5 9. exd5 Nxd5 10. Nxd5 Qxd5 11. c3 Nf6 12. Qc2 e5 13. h3 Bd6 14. c4 Qc6 15. Bc3 Qc7 16. Qd2 bxc4 17. dxc4 Ne4 18. Qe3 Nxc3 19. Qxc3 0-0 20. 0-0 e4 21. Nd2 Be5 22. Qc2 Rfe8 23. Nxe4 Bh2+ 24. Kh1 Bxe4 25. Qd2 Bf4 26. Qc3 Bxg2+ 27. Kxg2 Rxe2 28. Qf3 Rae8 29. Rg1 Rxb2 30. Qg4 Qb7+ 31. Kf1 Rb1+ 32. Rxb1 Qxb1+ 33. Kg2 Qe4+ 34. Qf3 Qxf3+ 35. Kxf3 Be5 36. Rg5 f6 37. Ke4 Bc3+ 0-1

[Event "Orlova op 6th"]
[Site "Orlova"]
[Date "2009.05.26"]
[Round "5"]
[White "Pisarek, Magdalena"]
[Black "Reznicek, Marcel"]
[Result "0-1"]
[WhiteElo "1679"]
[BlackElo "2045"]
[PlyCount "88"]
[EventDate "2009.05.23"]
[EventType "swiss"]
[EventRounds "9"]
[EventCountry "CZE"]
[SourceTitle "EXT 2012"]
[Source "ChessBase"]
[SourceDate "2011.11.24"]
[SourceVersion "1"]
[SourceVersionDate "2011.11.24"]
[SourceQuality "1"]

1. d4 Nf6 2. c4 g6 3. Nc3 d5 4. cxd5 Nxd5 5. e4 Nxc3 6. bxc3 Bg7 7. Bc4 c5 8. Be3 Qa5 9. Ne2 cxd4 10. Bxd4 0-0 11. 0-0 Nc6 12. Bxg7 Kxg7 13. Qc2 Ne5 14. Bb3 Bd7 15. Rad1 Bc6 16. Nd4 Rac8 17. f4 Ng4 18. Nxc6 Rxc6 19. Qd3 Rxc3 20. Qd4+ e5 21. fxe5 Qxe5 22. Qxe5+ Nxe5 23. Rd5 f6 24. Rfd1 Rfc8 25. Rd8 h5 26. Be6 Rxd8 27. Rxd8 h4 28. Rg8+ Kh6 29. Rb8 Nd3 30. h3 Rc1+ 31. Kh2 Nf2 32. g3 hxg3+ 33. Kxg3 Nxe4+ 34. Kf4 Nc5 35. Bd5 Rf1+ 36. Ke3 Kg5 37. Rg8 Kf5 38. h4 Re1+ 39. Kd2 Re7 40. Bb3 Nxb3+ 41. axb3 Rh7 42. Rb8 b6 43. Rc8 Rxh4 44. Rc7 a5 0-1

[Event "POL-ch U16 Girls"]
[Site "Chotowa"]
[Date "2009.04.04"]
[Round "10"]
[White "Pisarek, Magdalena"]
[Black "Graczyk, Natalia"]
[Result "1-0"]
[WhiteElo "1680"]
[BlackElo "1741"]
[PlyCount "47"]
[EventDate "2009.03.28"]
[EventType "swiss"]
[EventRounds "11"]
[EventCountry "POL"]
[SourceTitle "EXT 2011"]
[Source "ChessBase"]
[SourceDate "2010.11.26"]
[SourceVersion "1"]
[SourceVersionDate "2010.11.26"]
[SourceQuality "1"]

1. d4 d5 2. c4 Nc6 3. Nc3 Nf6 4. Nf3 Bg4 5. cxd5 Bxf3 6. gxf3 Nxd5 7. e4 Nxc3 8. bxc3 e5 9. d5 Nb8 10. Rb1 Qc8 11. Bb5+ c6 12. Bc4 Qc7 13. Rg1 g6 14. Bg5 Be7 15. Bh6 b5 16. Be2 a6 17. a4 bxa4 18. Qxa4 Bf8 19. Be3 Nd7 20. dxc6 Nc5 21. Bxc5 Bxc5 22. Rb7 Qd8 23. c7+ Qd7 24. c8Q+ 1-0

[Event "POL-chT3 U19 Slaska"]
[Site "Slask"]
[Date "2007.05.20"]
[Round "11.30"]
[White "Urbanczyk, Anna"]
[Black "Pisarek, Magdalena"]
[Result "0-1"]
[WhiteElo "1250"]
[BlackElo "1600"]
[PlyCount "64"]
[EventDate "2007.01.27"]
[EventType "team-tourn"]
[EventRounds "11"]
[EventCountry "POL"]
[SourceTitle "EXT 2019"]
[Source "ChessBase"]
[SourceDate "2018.10.10"]
[SourceVersion "1"]
[SourceVersionDate "2018.10.10"]
[SourceQuality "1"]
[WhiteTeam "Tychy Jedynka U19"]
[BlackTeam "Jastrzebie Zdroj Pionier U19 II"]
[WhiteTeamCountry "POL"]
[BlackTeamCountry "POL"]

1. d4 Nf6 2. c4 g6 3. Nc3 Bg7 4. Nf3 d6 5. Bg5 Nbd7 6. e3 c5 7. d5 Qa5 8. Qd2 Ng4 9. Bd3 Nge5 10. Nxe5 Nxe5 11. 0-0 Qc7 12. f4 Nxd3 13. Qxd3 0-0 14. a3 b6 15. Rab1 Bb7 16. Rf3 Qd7 17. Qd1 e6 18. Rh3 f6 19. Bh4 Qf7 20. e4 Bc8 21. Qf3 exd5 22. f5 dxe4 23. Nxe4 Bxf5 24. Nxd6 Qe6 25. Nxf5 gxf5 26. b3 Qe4 27. Qh5 Qxb1+ 28. Kf2 Qc2+ 29. Kg3 Qxb3+ 30. Kf4 Qxc4+ 31. Kg3 Rad8 32. Kf2 Rd2+ 0-1

[Event "POL-chT3 U19 Slaska"]
[Site "Slask"]
[Date "2007.04.22"]
[Round "8.6"]
[White "Pisarek, Magdalena"]
[Black "Basinska, Ksymena"]
[Result "1-0"]
[WhiteElo "1600"]
[BlackElo "1600"]
[PlyCount "77"]
[EventDate "2007.01.27"]
[EventType "team-tourn"]
[EventRounds "11"]
[EventCountry "POL"]
[SourceTitle "EXT 2019"]
[Source "ChessBase"]
[SourceDate "2018.10.10"]
[SourceVersion "1"]
[SourceVersionDate "2018.10.10"]
[SourceQuality "1"]
[WhiteTeam "Jastrzebie Zdroj Pionier U19 II"]
[BlackTeam "Mikolow AKS U19"]
[WhiteTeamCountry "POL"]
[BlackTeamCountry "POL"]

1. d4 d5 2. c4 e6 3. Nc3 Nf6 4. cxd5 exd5 5. Bg5 Be7 6. e3 Be6 7. Nf3 Nbd7 8. Be2 0-0 9. 0-0 c6 10. a3 Re8 11. b4 b5 12. Rc1 a5 13. Qb3 a4 14. Qb1 Qc7 15. Nxb5 Qb7 16. Nc3 Nf8 17. Bxf6 Bxf6 18. Qa2 Rec8 19. Bd3 h6 20. Qd2 Nh7 21. e4 Ng5 22. Nxg5 Bxg5 23. f4 Be7 24. f5 Bg5 25. Qf2 Bxc1 26. fxe6 Bg5 27. exf7+ Kf8 28. e5 Rc7 29. e6 Bf6 30. b5 Qb6 31. Ne2 Re7 32. Qf5 Rb8 33. bxc6 Qc7 34. Qxd5 Rd8 35. Qe4 Rd6 36. d5 Qb6+ 37. Kh1 Rc7 38. Qh7 Rd8 39. d6 1-0